000 00307nam a22001337a 4500
008 181031b xxu||||| |||| 00| 0 eng d
020 _a9780300099799
041 _aeng
080 _a320
100 _a21
101 _aSHP
245 _aReflections on the Revolution in France
_cBurke,E
942 _2udc
_cBK
999 _c51283
_d51283